zpět

Detail výsledku týmu

U Sherlocka, Ústí nad Orlicí

Datum a čas kvízu

33.5 Celkem bodů Celkový počet nahraných bodů na tomto kvízu bez doplňovacích otázek.
3. Pořadí na kvízu Konečné umístění týmu na tomto kvízu.

Zaznamenané odpovědi

# Otázka Odpověď Body Výsledky
1. V Olomouci se objevil případ m... na sušáku na prádlo (na klepači na koberce) 1
2. Který ze členů britské královs... princ Andrew 1
3. Herecká asociace oznámila jmén... Dana Syslová 1
4. Která technologická společnost... Apple 1
5. Fotbalisté z malého afrického... Kapverdy 0
6. Napište jméno pouště na obrázk... Namib (Namibská poušť) 0
7. Kterým slovem se označuje pouš... vádí 1
8. Vyberte, se kterým živočichem... B 0
9. Vojáci Československého pěšího... Tobruk 1
10. Britský umělec Gordon Sumner s... Sting 1